000 00887nam a2200289 4500
001 76377
003 BD-RjUL
005 20211209082831.0
008 191128s1960 moua b 001 0 eng
035 _a(BD-RjUL)76598
040 _aDLC
_cDLC
_dDLC
_dBD-RjUL
_beng
041 _aeng
082 0 0 _a796.42
_bBRT 1960
_223
100 1 _aBresnahan, George T.
_q(George Thomas)
_952109
245 1 0 _aTrack and field athletics /
_cGeorge T. Bresnahan, W. W. Tuttle [and] Francis X. Cretzmeyer.
250 _a5th ed.
260 _aSaint Louis :
_bMosby,
_cc1960.
300 _a538 p. :
_bill. ;
_c24 cm.
504 _aIncludes bibliographies and index.
650 0 _aAthletics.
_952110
650 0 _aTrack and field.
_952111
700 _aTuttle, W. W.
_9235714
700 _aCretzmeyer, Francis X.
_9235713
942 _2ddc
_cBK
999 _c76377
_d76377